Hệ thống kế toán đơn vị hành chính sự nghiệp theo chế độ kế toán và mục lục ngân sách mới /
Chế độ kế toán đơn vị hành chính sự nghiệp; Quản lý, lập, chấp hành và quyết toán ngân sách nhà nước; Chế độ khấu hao tài sản cố định; Kế toán thuế GTGT và thiếu TNDN của đơn vị hành chính sự nghiệp; Các quy định về tiền lương trong các đơn vị hành chính sự nghiệp; Những quy định khác....
Zapisane w:
| 1. autor: | |
|---|---|
| Format: | Książka |
| Język: | Vietnamese |
| Wydane: |
Hà Nội :
Lao động - Xã hội,
2004.
|
| Hasła przedmiotowe: | |
| Etykiety: |
Dodaj etykietę
Nie ma etykietki, Dołącz pierwszą etykiete!
|
| Thư viện lưu trữ: | Mạng thư viện Đại học Đà Nẵng |
|---|
| LEADER | 01596cam a2200361 a 4500 | ||
|---|---|---|---|
| 001 | 000044655 | ||
| 003 | 3060 | ||
| 005 | 20060512085012.0 | ||
| 008 | 010302b2004 vm 000 vie | ||
| 020 | |c 189000 | ||
| 040 | |a LRC |c LRC |d LRC | ||
| 041 | 0 | |a vie | |
| 082 | 1 | 4 | |a 343.597034 |b PH-L |
| 100 | 1 | |a Phạm Quốc Lợi. | |
| 245 | 1 | 0 | |a Hệ thống kế toán đơn vị hành chính sự nghiệp theo chế độ kế toán và mục lục ngân sách mới / |c Phạm Quốc Lợi. |
| 260 | |a Hà Nội : |b Lao động - Xã hội, |c 2004. | ||
| 300 | |a 855 tr. ; |c 28 cm. | ||
| 520 | 3 | |a Chế độ kế toán đơn vị hành chính sự nghiệp; Quản lý, lập, chấp hành và quyết toán ngân sách nhà nước; Chế độ khấu hao tài sản cố định; Kế toán thuế GTGT và thiếu TNDN của đơn vị hành chính sự nghiệp; Các quy định về tiền lương trong các đơn vị hành chính sự nghiệp; Những quy định khác. | |
| 630 | 0 | 4 | |a Kế toán. |
| 630 | 0 | 4 | |a Ngân sách. |
| 650 | 0 | 4 | |a Kế toán |x Hệ thống |z Việt Nam. |
| OWN | |a DUT | ||
| AVA | |a UDN50 |b DUT |c Book |d 343.597034 PH-L |e available |t Error 5001 Not defined in file expand_doc_bib_avail. |f 5 |g 0 |h N |i 0 |j SH |k 1 | ||
| 999 | |a From the UDN01 | ||
| AVA | |a UDN50 |b DUT |c Book |d 343.597034 PH-L |e available |t Error 5001 Not defined in file expand_doc_bib_avail. |f 5 |g 0 |h N |i 0 |j SH |k 1 | ||
| TYP | |a Monograph | ||
| TYP | |a Printed language | ||
| 980 | |a Mạng thư viện Đại học Đà Nẵng | ||